Analýza možností implementácie metódy 5S v spoločnosti TOP REFAL obaly, spol. s.r.o., Tovarníky

Saved in:
Bibliographic Details
Main Author: Kišac, Tomáš (Author)
Other Authors: Čekanová, Katarína (Thesis advisor)
Format: Manuscript Book
Language:Slovak
Published: 2017
Subjects:
Online Access:http://is.stuba.sk/zp/portal_zp.pl?podrobnosti=114915
Tags: Add Tag
No Tags, Be the first to tag this record!

MARC

LEADER 00000ntm a22000003a 4500
001 stuzp62179
003 SK-STU
005 20170708210521.0
007 ta
008 150427s2015----xo-----f-mn---000-0-slo-d
040 |a STU  |b slo 
041 0 |a slo 
100 1 |a Kišac, Tomáš  |u 064000  |4 aut  |U MTF Materiálovotechnologická fakulta  |T MTF Ústav priemyselného inžinierstva a manažmentu  |X 69855  |U M4000  |Y 84  |7 69855 
242 0 1 |a Analysis of the possibilities for implementation of the 5S method in TOP REFAL obaly, spol. s.r.o., Tovarníky  |y eng 
245 1 0 |a Analýza možností implementácie metódy 5S v spoločnosti TOP REFAL obaly, spol. s.r.o., Tovarníky 
260 |c 2017 
650 4 |a reorganizácia pracoviska  |2 slo 
650 4 |a plytvanie  |2 slo 
650 4 |a 5S  |2 slo 
650 4 |a reorganization of the workplace  |2 eng 
650 4 |a waste  |2 eng 
650 4 |a 5S  |2 eng 
700 1 |a Čekanová, Katarína  |u 064000  |k Z1  |4 ths  |U MTF Materiálovotechnologická fakulta  |T MTF Ústav priemyselného inžinierstva a manažmentu  |X 75865  |U M4000  |Y 84  |7 75865 
856 4 |u http://is.stuba.sk/zp/portal_zp.pl?podrobnosti=114915 
996 |c M* BP-8170  |l MMSKP  |s P  |a 0  |w stuzp62179_0001